[Event "European Rapid Championship"]
[Site "Warsaw POL"]
[Date "2010.12.19"]
[EventDate "2010.12.18"]
[Round "12"]
[Result "1-0"]
[White "Maxime Vachier-Lagrave"]
[Black "Christian Maier"]
[WhiteElo "2703"]
[BlackElo "2369"]
[PlyCount "99"]

1. d4 Nf6 2. c4 g6 3. Nc3 Bg7 4. e4 d6 5. Be2 O-O 6. Bg5 a6
7. Nf3 c5 8. dxc5 dxc5 9. Qxd8 Rxd8 10. e5 Nfd7 11. O-O-O Nc6
12. Nd5 h6 13. Nxe7+ Nxe7 14. Bxe7 Re8 15. Bd6 b6 16. Rd3 Bb7
17. Re3 Re6 18. Bd1 Bc6 19. Rhe1 Rae8 20. Kb1 Bxf3 21. Ba4
Nxe5 22. Bxe5 Bc6 23. Bxc6 Rxc6 24. Bxg7 Rxe3 25. Rxe3 Kxg7
26. Ra3 b5 27. cxb5 axb5 28. Rb3 b4 29. a3 Rb6 30. Kc2 f5
31. axb4 c4 32. Ra3 Rxb4 33. Kc3 Rb7 34. Ra4 Re7 35. Rxc4 Re2
36. b4 Rxf2 37. b5 Rxg2 38. b6 Rg1 39. Kb2 Rg2+ 40. Ka3 Re2
41. b7 Re8 42. Rc8 Re3+ 43. Kb2 Re2+ 44. Kc3 Re3+ 45. Kc4 Re4+
46. Kd5 Rb4 47. b8=Q Rxb8 48. Rxb8 Kf6 49. h4 f4 50. Rf8+ 1-0

[Event "Bundesliga 2010/11"]
[Site "Bremen GER"]
[Date "2011.02.26"]
[EventDate "2010.10.08"]
[Round "10"]
[Result "1-0"]
[White "Maxime Vachier-Lagrave"]
[Black "Pavel Eljanov"]
[WhiteElo "2721"]
[BlackElo "2761"]
[PlyCount "123"]

1. c4 e5 2. Nc3 Nf6 3. Nf3 Nc6 4. g3 d5 5. cxd5 Nxd5 6. Bg2
Nb6 7. O-O Be7 8. a3 O-O 9. b4 Be6 10. d3 Nd4 11. Bb2 Nxf3+
12. Bxf3 c6 13. Rc1 Rc8 14. Ne4 Nd7 15. Qa4 Ra8 16. Nc5 Nxc5
17. bxc5 Qc7 18. d4 exd4 19. Rfd1 Rfd8 20. Rxd4 Rxd4 21. Bxd4
Rd8 22. e3 a6 23. Qb4 Bd5 24. Bg4 Be6 25. Bxe6 fxe6 26. Qb2
Bf8 27. Rb1 Rd5 28. Qxb7 Qxb7 29. Rxb7 e5 30. Bb2 Rxc5 31. a4
Ra5 32. Rc7 c5 33. Bxe5 Rxa4 34. Kg2 a5 35. f4 Ra2+ 36. Kf3
Rxh2 37. Ra7 Ra2 38. g4 a4 39. g5 g6 40. e4 Ra3+ 41. Kg4 Ra2
42. f5 gxf5+ 43. exf5 Rf2 44. f6 Rf1 45. Rxa4 Kf7 46. Ra8 c4
47. Rc8 Rg1+ 48. Kf5 Rf1+ 49. Ke4 Re1+ 50. Kd5 Rd1+ 51. Bd4
Rf1 52. g6+ hxg6 53. Rc7+ Kg8 54. Ke6 Re1+ 55. Be5 g5 56. Kf5
g4 57. Bg3 Re3 58. Kg6 Re6 59. Rxc4 Ra6 60. Rc8 Ra7 61. Bd6
Rf7 62. Bxf8 1-0

[Event "French Team Championship"]
[Site "Mulhouse FRA"]
[Date "2011.05.26"]
[EventDate "2011.05.26"]
[Round "1.2"]
[Result "1/2-1/2"]
[White "Christian Bauer"]
[Black "Maxime Vachier-Lagrave"]
[WhiteElo "2638"]
[BlackElo "2731"]
[PlyCount "29"]

1. d4 Nf6 2. Nf3 g6 3. Bg5 Bg7 4. Nbd2 d6 5. c3 Nbd7 6. e4 h6
7. Bh4 g5 8. Bg3 Nh5 9. Nc4 e6 10. Ne3 Qe7 11. Qc2 b6
12. O-O-O Bb7 13. Bd3 O-O-O 14. Qa4 Kb8 15. Rhe1 1/2-1/2

[Event "World Cup"]
[Site "Khanty-Mansiysk RUS"]
[Date "2011.08.29"]
[EventDate "2011.08.28"]
[Round "1.2"]
[Result "1-0"]
[White "Maxime Vachier-Lagrave"]
[Black "Ziaur Rahman"]
[WhiteElo "2722"]
[BlackElo "2528"]
[PlyCount "167"]

1. e4 d6 2. d4 Nf6 3. Nc3 g6 4. Be3 c6 5. Nf3 Bg7 6. Bd3 O-O
7. O-O Nbd7 8. Qd2 Qc7 9. Rfe1 e5 10. Bh6 Re8 11. h3 Nf8
12. Bxg7 Kxg7 13. Ne2 Bd7 14. Qc3 Rad8 15. Ng3 h6 16. Rad1
N6h7 17. Bc4 f6 18. h4 h5 19. Rd3 Be6 20. Bxe6 Nxe6 21. Ne2 c5
22. d5 Nef8 23. Nd2 Qd7 24. f4 Re7 25. Rg3 Kh8 26. Rf1 Rg7
27. Qe3 Re8 28. f5 g5 29. Rh3 Qa4 30. b3 Qxa2 31. Qc3 Qa6
32. Nc4 Rd8 33. hxg5 Nxg5 34. Rxh5+ Nfh7 35. Ra1 Qb5 36. Rxa7
Nxe4 37. Qd3 Ng5 38. Nxe5 c4 39. Nxc4 Qc5+ 40. Qe3 Qxd5
41. Ng3 Rdg8 42. Kh2 Nf7 43. Rh3 Ng5 44. Rh6 Nf7 45. Rg6 Rxg6
46. fxg6 Rxg6 47. Ra8+ Rg8 48. Rxg8+ Kxg8 49. Qe8+ Nf8 50. Qe4
Qg5 51. Nf5 Qh5+ 52. Kg3 Qg5+ 53. Qg4 d5 54. Ne7+ Kg7 55. Nxd5
Qxg4+ 56. Kxg4 Ne6 57. c3 b5 58. Nce3 Nh6+ 59. Kf3 b4 60. cxb4
Nd4+ 61. Ke4 Nxb3 62. b5 Nf7 63. Nf5+ Kg6 64. Nf4+ Kg5
65. Ne6+ Kg4 66. b6 Na5 67. Ned4 Ne5 68. Ne3+ Kg3 69. Ndf5+
Kh2 70. Kf4 Nd7 71. Kf3 Kg1 72. Nd4 f5 73. Ne2+ Kh1 74. Kf2 f4
75. Nxf4 Nc5 76. g4 Ne4+ 77. Kf3 Ng5+ 78. Kg3 Ne4+ 79. Kh4 Kg1
80. Nh3+ Kh2 81. g5 Nc6 82. g6 Nd6 83. g7 Ne7 84. Nf4 1-0

[Event "World Cup"]
[Site "Khanty-Mansiysk RUS"]
[Date "2011.08.31"]
[EventDate "2011.08.28"]
[Round "2.1"]
[Result "1/2-1/2"]
[White "Maxime Vachier-Lagrave"]
[Black "Bu Xiangzhi"]
[WhiteElo "2722"]
[BlackElo "2733"]
[PlyCount "43"]

1. d4 d5 2. c4 c6 3. Nc3 Nf6 4. e3 g6 5. Nf3 Bg7 6. Be2 O-O
7. O-O Be6 8. Ng5 Bf5 9. Qb3 Qb6 10. Bd2 h6 11. Nf3 dxc4
12. Qa3 Qc7 13. Bxc4 b5 14. Be2 a5 15. Qb3 a4 16. Qd1 Nbd7
17. Nh4 Be6 18. f4 Qa7 19. Bd3 b4 20. Ne2 Bg4 21. h3 Bxe2
22. Qxe2 1/2-1/2

[Event "World Cup"]
[Site "Khanty-Mansiysk RUS"]
[Date "2011.09.01"]
[EventDate "2011.08.28"]
[Round "2.2"]
[Result "1/2-1/2"]
[White "Bu Xiangzhi"]
[Black "Maxime Vachier-Lagrave"]
[WhiteElo "2675"]
[BlackElo "2722"]
[PlyCount "46"]

1. Nf3 c5 2. c4 Nc6 3. Nc3 Nf6 4. g3 d5 5. d4 cxd4 6. Nxd4
dxc4 7. Nxc6 Qxd1+ 8. Nxd1 bxc6 9. Bg2 Nd5 10. Ne3 e6 11. Nxc4
Ba6 12. Na5 Rc8 13. Bd2 Be7 14. Rc1 c5 15. b3 O-O 16. Bf3 Rfd8
17. O-O Kf8 18. Rfd1 Bf6 19. Be1 Bg5 20. Rc2 Nb4 21. Rxd8+
Bxd8 22. Bxb4 cxb4 23. Nc6 Be7 1/2-1/2

[Event "World Cup"]
[Site "Khanty-Mansiysk RUS"]
[Date "2011.09.02"]
[EventDate "2011.08.28"]
[Round "2.3"]
[Result "1/2-1/2"]
[White "Maxime Vachier-Lagrave"]
[Black "Bu Xiangzhi"]
[WhiteElo "2722"]
[BlackElo "2675"]
[PlyCount "85"]

1. d4 Nf6 2. c4 c5 3. d5 e5 4. Nc3 d6 5. e4 Be7 6. Bd3 Nbd7
7. Nge2 a6 8. a4 O-O 9. O-O Ne8 10. Qc2 Bg5 11. Nd1 Bxc1
12. Rxc1 g6 13. Ne3 Ng7 14. g3 Nf6 15. f3 Bd7 16. Nc3 h5
17. h4 Nh7 18. f4 exf4 19. Rxf4 Qe7 20. a5 Rae8 21. Rcf1 f5
22. R4f3 Qe5 23. exf5 Nxf5 24. Nxf5 Bxf5 25. Bxf5 Rxf5 26. Kg2
Ref8 27. Qe4 Qf6 28. Rxf5 gxf5 29. Qe6+ Kg7 30. Qxf6+ Nxf6
31. Rxf5 Rb8 32. Rf2 b6 33. axb6 Rxb6 34. Re2 Rb4 35. Kf1 Kf7
36. Re6 Rxb2 37. Rxd6 Rc2 38. Ne2 Rxc4 39. Rxa6 Nxd5 40. Rh6
Nf6 41. Nf4 Rxf4+ 42. gxf4 Kg7 43. Rxf6 1/2-1/2

[Event "World Cup"]
[Site "Khanty-Mansiysk RUS"]
[Date "2011.09.02"]
[EventDate "2011.08.28"]
[Round "2.4"]
[Result "1-0"]
[White "Bu Xiangzhi"]
[Black "Maxime Vachier-Lagrave"]
[WhiteElo "2675"]
[BlackElo "2722"]
[PlyCount "141"]

1. Nf3 Nf6 2. c4 b6 3. g3 Bb7 4. Bg2 g6 5. O-O Bg7 6. Nc3 O-O
7. d4 Ne4 8. Nxe4 Bxe4 9. Be3 d5 10. Rc1 Nc6 11. Qd2 dxc4
12. Rxc4 Na5 13. Rcc1 Rc8 14. b4 Nb7 15. Rfd1 e6 16. Bf1 a5
17. a3 axb4 18. axb4 Nd6 19. Bg5 f6 20. Bh6 Bxh6 21. Qxh6 Nf5
22. Qf4 Bb7 23. d5 e5 24. Qd2 e4 25. Ne1 e3 26. fxe3 Re8
27. Rc3 Nd6 28. Qa2 Ne4 29. Rcd3 Qd6 30. Nf3 Ra8 31. Qb2 Bc8
32. Bg2 Ra4 33. Rd4 Bd7 34. Rc1 Ra7 35. Qc2 Qe7 36. Qb3 Nd6
37. Rd3 Rea8 38. Nd4 Ra1 39. Qc3 Rxc1+ 40. Qxc1 Qe5 41. Rc3
Ra7 42. Kf2 f5 43. Ra3 Rxa3 44. Qxa3 Ne4+ 45. Bxe4 fxe4
46. Qa8+ Kf7 47. Ke1 Qe7 48. b5 Qb4+ 49. Kf2 Qf8 50. Qa4 Kg7+
51. Ke1 Qd6 52. Qc4 Qe5 53. Ne6+ Bxe6 54. dxe6 Kf6 55. Qc6 g5
56. Qd7 Qxe6 57. Qxc7 h6 58. Qd8+ Kg6 59. Qc7 Kh5 60. Qc6 Qb3
61. Qe8+ Kg4 62. Qd7+ Kh5 63. Kf2 Qc4 64. Qe8+ Kg4 65. Qc6
Qf7+ 66. Kg2 Kh5 67. Qxe4 Qd7 68. Qf3+ g4 69. Qc6 Qf7 70. e4
Qe7 71. Qd5+ 1-0

[Event "Kasparov - Lagrave Blitz Match"]
[Site "Clichy FRA"]
[Date "2011.09.17"]
[EventDate "2011.09.17"]
[Round "2"]
[Result "1/2-1/2"]
[White "Maxime Vachier-Lagrave"]
[Black "Garry Kasparov"]
[WhiteElo "2715"]
[BlackElo "2812"]
[PlyCount "98"]

1. e4 e5 2. Nf3 Nc6 3. Bb5 a6 4. Ba4 Nf6 5. O-O Be7 6. Re1 b5
7. Bb3 O-O 8. d3 d6 9. Nbd2 Na5 10. c3 Nxb3 11. axb3 c5
12. Nf1 Re8 13. Bg5 h6 14. Bxf6 Bxf6 15. Ne3 Bb7 16. c4 g6
17. Qd2 Bg7 18. b4 cxb4 19. Qxb4 Bc6 20. b3 a5 21. Qd2 bxc4
22. bxc4 Qc7 23. h4 h5 24. Ng5 a4 25. Qe2 Qd7 26. Ra3 Reb8
27. Nd5 Ra7 28. Rea1 Rb3 29. Rxb3 axb3 30. Rb1 Rb7 31. Qd2
Bxd5 32. cxd5 Bh6 33. Qc3 Bxg5 34. hxg5 Qg4 35. f3 Qd7 36. d4
exd4 37. Qxd4 Qb5 38. Qf6 Qb6+ 39. Kh2 b2 40. Kh3 Rb8 41. g4
hxg4+ 42. Kxg4 Qf2 43. Qxd6 Rb3 44. Qd8+ Kg7 45. Qf6+ Kg8
46. Qf4 Qc2 47. Qe5 Qxb1 48. Qe8+ Kg7 49. Qe5+ Kg8 1/2-1/2

[Event "European Team Championship"]
[Site "Porto Carras GRE"]
[Date "2011.11.09"]
[EventDate "2011.11.03"]
[Round "7.2"]
[Result "1-0"]
[White "Sergei Mushegovic Movsesian"]
[Black "Maxime Vachier-Lagrave"]
[WhiteElo "2710"]
[BlackElo "2710"]
[PlyCount "123"]

1. e4 c5 2. Nf3 d6 3. d4 cxd4 4. Nxd4 Nf6 5. Nc3 a6 6. Be2 e6
7. O-O Be7 8. f4 Qc7 9. a4 Nc6 10. Be3 O-O 11. Kh1 Re8 12. Bf3
Rb8 13. Qd2 Bd7 14. Nb3 b6 15. Bf2 Red8 16. Qe2 Bc8 17. Qc4
Bb7 18. f5 d5 19. exd5 exd5 20. Nxd5 Nxd5 21. Bxd5 b5 22. axb5
axb5 23. Qe4 Nb4 24. Bxb7 Qxb7 25. Qg4 Nd5 26. Rad1 Rbc8
27. Qe4 Rc4 28. Rd4 Rxd4 29. Bxd4 Qc7 30. Re1 h6 31. c3 Bf6
32. Bg1 Ne7 33. Qf3 Qc8 34. Bd4 Nd5 35. Bc5 Kh7 36. h3 Rd7
37. Bf2 Be7 38. Rd1 Nf6 39. Rxd7 Qxd7 40. Bd4 Nd5 41. Qd3 Kg8
42. Qe4 Bf6 43. Nc5 Qd8 44. Bf2 Ne7 45. Nd3 Qd7 46. g4 h5
47. Kg1 hxg4 48. hxg4 g6 49. fxg6 Nxg6 50. Kf1 Bg7 51. Ke2 Ne7
52. Nb4 f5 53. gxf5 Nxf5 54. Qa8+ Kf7 55. Qf3 Bh6 56. Nd5 Bg5
57. Be3 Ke6 58. Nb6 Qd8 59. Qe4+ Kf6 60. Nd5+ Kg6 61. Qe6+ Bf6
62. Bd4 1-0

[Event "SportAccord Mind Games (Blitz)"]
[Site "Beijing CHN"]
[Date "2011.12.12"]
[EventDate "2011.12.12"]
[Round "8"]
[Result "0-1"]
[White "Maxime Vachier-Lagrave"]
[Black "Zoltan Almasi"]
[WhiteElo "2710"]
[BlackElo "2707"]
[PlyCount "26"]

1. e4 e5 2. Nf3 Nc6 3. Bb5 a6 4. Ba4 Nf6 5. O-O Be7 6. Re1 b5
7. Bb3 O-O 8. h3 d6 9. a3 Be6 10. Bxe6 fxe6 11. d3 Qe8
12. Nbd2 Nh5 13. Nf1 Nd4 0-1

[Event "SportAccord Mind Games (Blitz)"]
[Site "Beijing CHN"]
[Date "2011.12.13"]
[EventDate "2011.12.12"]
[Round "9"]
[Result "0-1"]
[White "Wang Yue"]
[Black "Maxime Vachier-Lagrave"]
[WhiteElo "2697"]
[BlackElo "2710"]
[PlyCount "55"]

1. d4 Nf6 2. Nf3 g6 3. Bg5 Bg7 4. Nbd2 d6 5. e3 Nbd7 6. Be2 b6
7. c4 Bb7 8. O-O e6 9. Ne1 O-O 10. h3 c5 11. Bf3 Qc7 12. Rc1
Rad8 13. Qe2 Rfe8 14. Bxb7 Qxb7 15. Nef3 a6 16. Rfd1 Rc8
17. Bf4 d5 18. Bg3 cxd4 19. exd4 Red8 20. b3 dxc4 21. Nxc4 Ne4
22. Bh4 Bf6 23. Nfd2 Nxd2 24. Qxd2 Rc7 25. Qg5 Kg7 26. Ne5
Rxc1 27. Qxc1 Rc8 28. Qf4 0-1

[Event "SportAccord Mind Games (Blitz)"]
[Site "Beijing CHN"]
[Date "2011.12.13"]
[EventDate "2011.12.12"]
[Round "10"]
[Result "1-0"]
[White "Maxime Vachier-Lagrave"]
[Black "Leinier Dominguez Perez"]
[WhiteElo "2710"]
[BlackElo "2712"]
[PlyCount "46"]

1. d4 d5 2. c4 dxc4 3. e4 e5 4. Nf3 exd4 5. Bxc4 Bb4+ 6. Nbd2
Nc6 7. O-O Nf6 8. e5 Nd5 9. Nb3 Nb6 10. Bb5 Qd5 11. Nfxd4 O-O
12. Nxc6 Qxb5 13. Nxb4 Qxb4 14. Be3 Re8 15. Rc1 c6 16. f4 Nd5
17. Bc5 Qa4 18. Nd2 Qxd1 19. Rcxd1 b6 20. Bf2 Nxf4 21. Ne4 Ba6
22. Rfe1 Nd3 23. Re3 Bc4 1-0

[Event "SportAccord Mind Games (Blitz)"]
[Site "Beijing CHN"]
[Date "2011.12.13"]
[EventDate "2011.12.12"]
[Round "11"]
[Result "0-1"]
[White "Le Quang Liem"]
[Black "Maxime Vachier-Lagrave"]
[WhiteElo "2714"]
[BlackElo "2710"]
[PlyCount "73"]

1. Nf3 Nf6 2. g3 g6 3. c4 Bg7 4. Bg2 O-O 5. O-O c6 6. d4 d5
7. Qb3 Qb6 8. Nc3 Rd8 9. Rd1 Bf5 10. Ne1 dxc4 11. Qxc4 Na6
12. e4 Bg4 13. Bf3 Be6 14. Qa4 Ne8 15. Ne2 Nd6 16. Nd3 Nb5
17. d5 cxd5 18. Be3 d4 19. Bd2 Nbc7 20. Ba5 Qc6 21. Qxc6 bxc6
22. Rdc1 Bd7 23. e5 Rab8 24. Bxc6 Bf5 25. Rd1 Bxd3 26. Rxd3
Bxe5 27. Rc1 Rxb2 28. Rd2 Rxd2 29. Bxd2 Ne6 30. Bb5 Nac5
31. Bb4 d3 32. Nc3 d2 33. Rd1 Bxc3 34. Bxc3 Nd4 35. Bf1 Ne4
36. Bb4 Nc6 37. Ba3 0-1

[Event "SportAccord Mind Games (Blitz)"]
[Site "Beijing CHN"]
[Date "2011.12.13"]
[EventDate "2011.12.12"]
[Round "12"]
[Result "1-0"]
[White "Maxime Vachier-Lagrave"]
[Black "Vugar Gashimov"]
[WhiteElo "2710"]
[BlackElo "2757"]
[PlyCount "80"]

1. e4 g6 2. d4 Bg7 3. Nf3 d6 4. Bc4 Nf6 5. Qe2 O-O 6. h3 Nc6
7. O-O e5 8. dxe5 Nxe5 9. Nxe5 dxe5 10. Rd1 Qe7 11. Nc3 c6
12. a4 Nh5 13. b3 Nf4 14. Qf3 Qf6 15. Kh2 g5 16. Ba3 g4
17. Qe3 Re8 18. Rd6 Qh4 19. Qg3 Qxg3+ 20. fxg3 Ne6 21. Bb2 Nd4
22. Rf1 Rf8 23. Ba3 Nxc2 24. Bc5 b6 25. Rd2 bxc5 26. Rxc2 a5
27. Nd1 Bh6 28. Rf6 Kg7 29. Rxc6 Bb7 30. Rxc5 gxh3 31. Rxe5
hxg2 32. Kxg2 Rfe8 33. Bd5 Bxd5 34. exd5 Rxe5 35. Rc5 Bd2
36. Kf3 h5 37. Rb5 Kg6 38. d6 Kf6 39. Nf2 Ke6 40. Ne4 Bb4 1-0

[Event "SportAccord Mind Games (Blitz)"]
[Site "Beijing CHN"]
[Date "2011.12.13"]
[EventDate "2011.12.12"]
[Round "13"]
[Result "0-1"]
[White "Peter Heine Nielsen"]
[Black "Maxime Vachier-Lagrave"]
[WhiteElo "2693"]
[BlackElo "2710"]
[PlyCount "102"]

1. d4 Nf6 2. c4 g6 3. Nc3 d5 4. Bf4 Bg7 5. e3 c6 6. Nf3 O-O
7. h3 Be6 8. Qb3 Qb6 9. c5 Qxb3 10. axb3 Nbd7 11. b4 a6
12. Nd2 Ne4 13. Ncxe4 dxe4 14. Nxe4 Rfe8 15. Bh2 Bf5 16. Nc3
e5 17. d5 cxd5 18. Nxd5 Rad8 19. O-O-O a5 20. Nc7 Rf8 21. Bb5
axb4 22. e4 Bh6+ 23. f4 Bxe4 24. Rxd7 Rxd7 25. Bxd7 exf4
26. Re1 f3+ 27. Kd1 f2 28. Rf1 Rd8 29. Rxf2 Rxd7+ 30. Bd6 b6
31. Ne8 Bg5 32. Nf6+ Bxf6 33. Rxf6 bxc5 34. Ke1 Bxg2 35. Bxc5
Bxh3 36. Bxb4 Be6 37. Bc3 Rd5 38. Rf4 g5 39. Rd4 Rxd4 40. Bxd4
h6 41. Bc5 Kh7 42. Bf8 Kg6 43. Kf2 h5 44. Be7 h4 45. b4 Bd7
46. Bd8 f5 47. Be7 f4 48. Bd8 Kf5 49. Be7 h3 50. Bd8 g4
51. Bh4 Bc6 0-1

[Event "SportAccord Mind Games (Blitz)"]
[Site "Beijing CHN"]
[Date "2011.12.13"]
[EventDate "2011.12.12"]
[Round "15"]
[Result "1-0"]
[White "Maxime Vachier-Lagrave"]
[Black "Sergey Karjakin"]
[WhiteElo "2710"]
[BlackElo "2763"]
[PlyCount "139"]

1. e4 e5 2. Nf3 Nc6 3. Bb5 a6 4. Ba4 Nf6 5. O-O Be7 6. Re1 b5
7. Bb3 O-O 8. h3 d6 9. c3 Na5 10. Bc2 c5 11. d3 Nc6 12. Nbd2
Re8 13. Nf1 h6 14. Ng3 Bf8 15. d4 cxd4 16. cxd4 Nxd4 17. Nxd4
exd4 18. Qxd4 Be6 19. Bd2 Rc8 20. Bb3 Bxb3 21. axb3 Rc6
22. Bc3 Re6 23. Rad1 Qe8 24. Qd3 g6 25. Bxf6 Rxf6 26. Ne2 Bg7
27. Nc3 Re6 28. Re2 Bxc3 29. bxc3 Qc8 30. Re3 Rc5 31. f4 d5
32. exd5 Rxd5 33. Qxd5 Rxe3 34. Qd8+ Qxd8 35. Rxd8+ Kg7
36. Rc8 Re4 37. Ra8 Re6 38. c4 bxc4 39. bxc4 Rc6 40. g3 h5
41. Kf2 h4 42. Ra7 hxg3+ 43. Kxg3 Kf6 44. Kg4 Ke6 45. h4 f6
46. c5 f5+ 47. Kg5 Kd5 48. Rg7 a5 49. Ra7 Rxc5 50. Kxg6 Ke4
51. Kg5 Rc1 52. Rxa5 Rg1+ 53. Kf6 Rh1 54. Ra4+ Kd5 55. Kg5 Ke6
56. Ra6+ Kf7 57. Ra7+ Kg8 58. h5 Kh8 59. Kg6 Rg1+ 60. Kxf5 Kg8
61. Kf6 Rh1 62. f5 Rh2 63. Re7 Rh1 64. Re6 Kh7 65. Ke7 Rxh5
66. f6 Ra5 67. f7 Ra7+ 68. Kf6 Ra8 69. Re8 Ra6+ 70. Ke5 1-0

[Event "SportAccord Mind Games (Blindfold)"]
[Site "Beijing CHN"]
[Date "2011.12.14"]
[EventDate "2011.12.14"]
[Round "1"]
[Result "1-0"]
[White "Maxime Vachier-Lagrave"]
[Black "Alexander Grischuk"]
[WhiteElo "2710"]
[BlackElo "2752"]
[PlyCount "71"]

1. e4 c6 2. d4 d5 3. e5 Bf5 4. h4 h6 5. g4 Bd7 6. h5 c5
7. dxc5 Nc6 8. Qxd5 Bxg4 9. Nc3 e6 10. Qg2 Bf5 11. Bb5 Qc7
12. Be3 O-O-O 13. Bxc6 bxc6 14. Nf3 Ne7 15. Nd4 Bh7 16. O-O-O
Nd5 17. Nxd5 Rxd5 18. f4 Rxc5 19. Rd2 Rg8 20. Rhd1 Be7 21. Qf1
Rd8 22. f5 Bg5 23. Bxg5 hxg5 24. Qa6+ Qb7 25. Qxb7+ Kxb7
26. Nxe6 fxe6 27. Rxd8 Bxf5 28. R1d7+ Ka6 29. c3 Rxe5 30. Rxg7
g4 31. Kd2 Bb1 32. h6 Rh5 33. Rxg4 Rxh6 34. Rb8 Ka5 35. b3
Rh2+ 36. Kc1 1-0

[Event "SportAccord Mind Games (Blindfold)"]
[Site "Beijing CHN"]
[Date "2011.12.15"]
[EventDate "2011.12.14"]
[Round "4"]
[Result "0-1"]
[White "Ruslan Ponomariov"]
[Black "Maxime Vachier-Lagrave"]
[WhiteElo "2723"]
[BlackElo "2710"]
[PlyCount "180"]

1. c4 Nf6 2. g3 e5 3. Bg2 d5 4. cxd5 Nxd5 5. Nf3 Nc6 6. O-O
Nb6 7. d3 Be7 8. a3 Be6 9. Nbd2 a5 10. b3 O-O 11. Bb2 f6
12. Qc2 Qd7 13. Nc4 Rfd8 14. Rfd1 Qe8 15. d4 a4 16. Ncd2 exd4
17. b4 Qh5 18. Qd3 Bf5 19. Ne4 Ne5 20. Nxe5 fxe5 21. Rdc1 c6
22. e3 Rd7 23. exd4 exd4 24. Qd2 Qf7 25. Qf4 Be6 26. Qxf7+
Kxf7 27. Bf1 d3 28. Nd2 Rad8 29. f3 Bf6 30. Bxf6 gxf6 31. Kf2
Rd4 32. Rc3 Bc4 33. Re1 Bb5 34. Re4 Rxe4 35. fxe4 Nd7 36. Bxd3
Ne5 37. Bxb5 Rxd2+ 38. Ke3 Rxh2 39. Bxa4 Rg2 40. Kd4 Rd2+
41. Ke3 Rg2 42. Kd4 Ke7 43. Kc5 Nd7+ 44. Kd4 Ne5 45. Kc5 Nd7+
46. Kd4 Kd6 47. Rf3 Ra2 48. Bd1 b5 49. g4 h6 50. Rh3 Ne5
51. Bb3 Rxa3 52. Rxh6 Nxg4 53. e5+ Kc7 54. Rh7+ Kb6 55. Kc3
Nxe5 56. Rh6 Nd3 57. Kc2 Nxb4+ 58. Kb2 Ra7 59. Rxf6 Rd7
60. Rh6 Nd3+ 61. Kc3 Nf4 62. Kb2 Rd2+ 63. Kc3 Rd7 64. Kb2 Kc5
65. Kc3 Rd3+ 66. Kb2 Rd6 67. Rh4 Nd3+ 68. Kc3 Kb6 69. Bc2 Ne5
70. Rh5 Nc4 71. Rh8 Ne5 72. Rh5 Nd7 73. Rh8 c5 74. Bd3 b4+
75. Kc2 Ne5 76. Be2 Nc6 77. Bc4 Rd4 78. Bf7 c4 79. Rh6 Kc7
80. Rh5 Rf4 81. Bg8 Kb6 82. Rh6 Kc5 83. Rh5+ Kd4 84. Rd5+ Ke3
85. Bh7 Nd4+ 86. Kb1 c3 87. Rh5 Rf1+ 88. Ka2 b3+ 89. Ka3 c2
90. Rh3+ Nf3 0-1

[Event "SportAccord Mind Games (Blindfold)"]
[Site "Beijing CHN"]
[Date "2011.12.15"]
[EventDate "2011.12.14"]
[Round "5"]
[Result "1/2-1/2"]
[White "Maxime Vachier-Lagrave"]
[Black "Vassily Ivanchuk"]
[WhiteElo "2710"]
[BlackElo "2775"]
[PlyCount "69"]

1. e4 c6 2. d4 d5 3. e5 Bf5 4. Nf3 e6 5. Be2 Ne7 6. O-O Bg6
7. Nbd2 h6 8. Nb3 Nd7 9. Bd2 Nc8 10. c4 dxc4 11. Na5 Qc7
12. Nxc4 Ncb6 13. Ba5 Be7 14. Bd3 Bxd3 15. Qxd3 O-O 16. Rac1
Rfc8 17. Qe4 Qd8 18. Ne3 Qf8 19. a3 Nd5 20. Nd2 b6 21. Bc3 a5
22. Nxd5 cxd5 23. Qd3 Rc6 24. Nb1 Rac8 25. Bd2 Rc4 26. Rxc4
Rxc4 27. Rc1 b5 28. Rxc4 bxc4 29. Qc2 f6 30. Qa4 fxe5 31. Qxd7
Qf5 32. Nc3 exd4 33. Ne2 Qb1+ 34. Bc1 Bg5 35. Qxe6+ 1/2-1/2

[Event "SportAccord Mind Games (Blindfold)"]
[Site "Beijing CHN"]
[Date "2011.12.16"]
[EventDate "2011.12.14"]
[Round "6"]
[Result "1/2-1/2"]
[White "Maxime Vachier-Lagrave"]
[Black "Zoltan Almasi"]
[WhiteElo "2710"]
[BlackElo "2707"]
[PlyCount "69"]

1. e4 e5 2. Nf3 Nc6 3. Bb5 Nf6 4. d3 Bc5 5. c3 O-O 6. O-O Re8
7. Nbd2 a6 8. Ba4 b5 9. Bb3 d6 10. Re1 h6 11. Nf1 Bb6 12. Ne3
Be6 13. Bxe6 fxe6 14. Nc2 d5 15. Be3 Bxe3 16. Nxe3 Qd6 17. Qc2
Rad8 18. h3 d4 19. cxd4 Nxd4 20. Nxd4 exd4 21. Nf1 Nd7 22. a4
c5 23. Nd2 Ne5 24. axb5 axb5 25. f4 Nc6 26. e5 Qd5 27. Ne4 c4
28. dxc4 bxc4 29. Nf6+ gxf6 30. Qg6+ Kf8 31. Qxh6+ Kg8
32. Qg6+ Kf8 33. Qh6+ Kg8 34. Qg6+ Kf8 35. Qh6+ 1/2-1/2

[Event "SportAccord Mind Games (Blindfold)"]
[Site "Beijing CHN"]
[Date "2011.12.16"]
[EventDate "2011.12.14"]
[Round "7"]
[Result "1/2-1/2"]
[White "Vugar Gashimov"]
[Black "Maxime Vachier-Lagrave"]
[WhiteElo "2757"]
[BlackElo "2710"]
[PlyCount "103"]

1. c4 Nf6 2. g3 e5 3. Bg2 d5 4. cxd5 Nxd5 5. Nc3 Nb6 6. Nf3
Nc6 7. Rb1 Bd6 8. d3 O-O 9. O-O Re8 10. a3 Nd4 11. e3 Nxf3+
12. Qxf3 c6 13. b4 Bf8 14. Qe2 Bf5 15. e4 Be6 16. Be3 Rc8
17. f4 exf4 18. gxf4 f5 19. Bh3 Qd7 20. Rfd1 g6 21. Qf2 Bg7
22. e5 Nd5 23. Nxd5 Bxd5 24. Bxa7 Ra8 25. Ra1 g5 26. Bd4 g4
27. Bg2 Bxg2 28. Kxg2 Re6 29. Qa2 Kh8 30. Bf2 Bh6 31. Bg3 Bf8
32. Qb3 Be7 33. d4 Rd8 34. Rd2 Qd5+ 35. Qxd5 Rxd5 36. h3 h5
37. hxg4 hxg4 38. Rh1+ Kg7 39. Rh5 Rh6 40. Rxh6 Kxh6 41. Kf2
Kg6 42. Ke3 Rd8 43. d5 cxd5 44. Kd4 Ra8 45. Rd3 Kf7 46. Kxd5
Rd8+ 47. Kc4 b5+ 48. Kc3 Rh8 49. Kd4 Rd8+ 50. Kc3 Rh8 51. Kd4
Rd8+ 52. Kc3 1/2-1/2

[Event "Tradewise Gibraltar"]
[Site "Catalan Bay GIB"]
[Date "2012.01.27"]
[EventDate "2012.01.24"]
[Round "4.17"]
[Result "1-0"]
[White "Maxime Vachier-Lagrave"]
[Black "Marc Tyler Arnold"]
[WhiteElo "2699"]
[BlackElo "2482"]
[PlyCount "81"]

1. e4 c5 2. Nf3 d6 3. d4 cxd4 4. Nxd4 Nf6 5. Nc3 a6 6. Be3 e5
7. Nf3 Be7 8. Bc4 O-O 9. O-O Nc6 10. Qd3 Bg4 11. Nh4 Be6
12. Bb3 Bxb3 13. axb3 Nxe4 14. Nf5 Nxc3 15. bxc3 Qd7 16. Rfd1
d5 17. Qe4 Rfd8 18. Nxe7+ Qxe7 19. Rxd5 Rxd5 20. Qxd5 Rd8
21. Qc4 Rd7 22. h4 Qd8 23. Qg4 Rd6 24. h5 Qd7 25. Qe2 h6
26. Re1 f5 27. Qf3 Qe6 28. c4 Rd7 29. Rd1 Rxd1+ 30. Qxd1 Kf7
31. Bc5 Kf6 32. Qd3 a5 33. c3 Qe8 34. b4 axb4 35. cxb4 Qd8
36. Bd6 Qa8 37. b5 Nd8 38. Qg3 Qa1+ 39. Kh2 g5 40. hxg6 Ne6
41. Qh4+ 1-0

[Event "Tradewise Gibraltar"]
[Site "Catalan Bay GIB"]
[Date "2012.01.28"]
[EventDate "2012.01.24"]
[Round "5.12"]
[Result "1-0"]
[White "Felipe de Cresce El Debs"]
[Black "Maxime Vachier-Lagrave"]
[WhiteElo "2497"]
[BlackElo "2699"]
[PlyCount "55"]

1. Nf3 Nf6 2. c4 b6 3. g3 c5 4. Bg2 Bb7 5. Nc3 g6 6. O-O Bg7
7. d4 cxd4 8. Qxd4 Nc6 9. Qh4 h6 10. Nd4 g5 11. Nxc6 dxc6
12. Qh3 Qd4 13. Nb5 Qe5 14. Be3 Rd8 15. Nxa7 Qc7 16. a4 Ra8
17. a5 bxa5 18. Qf5 e5 19. b4 axb4 20. Bc5 b3 21. Rfd1 b2
22. Ra2 Nd7 23. Rxb2 Nxc5 24. Rxb7 Nxb7 25. Bxc6+ Kf8 26. Rd7
Qxd7 27. Qxd7 Rxa7 28. Qe8# 1-0

[Event "Tradewise Gibraltar"]
[Site "Catalan Bay GIB"]
[Date "2012.01.29"]
[EventDate "2012.01.24"]
[Round "6.23"]
[Result "1-0"]
[White "Maxime Vachier-Lagrave"]
[Black "Manuel Bosboom"]
[WhiteElo "2699"]
[BlackElo "2394"]
[PlyCount "65"]

1. e4 g6 2. d4 Bg7 3. Nc3 c6 4. Nf3 d5 5. Be2 Bg4 6. O-O Nf6
7. e5 Nfd7 8. Ng5 Bxe2 9. Nxe2 e6 10. f4 h6 11. Nf3 Na6
12. Be3 b5 13. a4 Qb6 14. g4 h5 15. f5 hxg4 16. fxe6 fxe6
17. a5 Qb7 18. Ng5 Nc7 19. Qd3 O-O-O 20. Nf7 Kb8 21. Qxg6 Bxe5
22. dxe5 Rdg8 23. Nxh8 Rxg6 24. Nxg6 d4 25. Rf7 c5 26. Rxd7
Qf3 27. Bf2 Qxe2 28. Ne7 a6 29. Rd6 Na8 30. b4 g3 31. hxg3
Qxc2 32. bxc5 b4 33. c6 1-0